[Event "Xtracon GM"]
[Site "Borup"]
[Date "2010.09.04"]
[Round "2"]
[White "Rostgaard, Tobias Valentin"]
[Black "Baekgaard, Martin"]
[Result "1/2-1/2"]
[WhiteElo "2114"]
[BlackElo "2276"]
[PlyCount "52"]
[EventDate "2010.09.03"]
[EventType "swiss"]
[EventRounds "9"]
[EventCountry "DEN"]
[Source "ChessBase"]
[SourceDate "2010.10.29"]

1. d4 d5 2. c4 e6 3. Nf3 Nf6 4. g3 dxc4 5. Bg2 Nc6 6. Qa4 Bb4+ 7. Bd2 Nd5 8.
Bxb4 Ndxb4 9. Ne5 O-O 10. Nxc6 Nxc6 11. e3 e5 12. d5 Ne7 13. Nc3 c6 14. Rd1
cxd5 15. Nxd5 Nxd5 16. Bxd5 Qb6 17. Qxc4 Bf5 18. O-O Rac8 19. Qe2 Rc2 20. Rd2
Bg4 21. f3 Rxd2 22. Qxd2 Be6 23. Bxe6 Qxe6 24. b3 h5 25. e4 Qb6+ 26. Qf2 Qxf2+
1/2-1/2

[Event "Xtracon GM"]
[Site "Borup"]
[Date "2010.09.04"]
[Round "2"]
[White "Schandorff, Lars"]
[Black "Drozdovskij, Yuri"]
[Result "0-1"]
[WhiteElo "2492"]
[BlackElo "2608"]
[PlyCount "146"]
[EventDate "2010.09.03"]
[EventType "swiss"]
[EventRounds "9"]
[EventCountry "DEN"]
[Source "ChessBase"]
[SourceDate "2010.10.29"]

1. d4 Nf6 2. c4 e6 3. Nf3 d5 4. g3 dxc4 5. Bg2 a6 6. Ne5 Bb4+ 7. Nc3 Nd5 8. O-O
O-O 9. Qc2 Nb6 10. Na4 Qxd4 11. Nf3 Qd8 12. Ng5 f5 13. Nxb6 cxb6 14. Qxc4 Qe7
15. Bf4 b5 16. Qb3 Nc6 17. Rfd1 h6 18. Nf3 Bd7 19. Qd3 Be8 20. a3 Rd8 21. Qc2
Bd6 22. Bxd6 Rxd6 23. Rxd6 Qxd6 24. Rd1 Qe7 25. Nd4 Nxd4 26. Rxd4 e5 27. Rd5
Bc6 28. Qc5 Qxc5 29. Rxc5 e4 30. Kf1 g6 31. Ke1 Kg7 32. e3 Kf6 33. h4 Ke6 34.
Rc1 g5 35. hxg5 hxg5 36. Kd2 f4 37. gxf4 gxf4 38. Rh1 f3 39. Rh6+ Ke5 40. Bh3
Rd8+ 41. Kc2 Rg8 42. Rh5+ Kd6 43. Rh6+ Kc7 44. Rh7+ Kb6 45. Rh6 Rg1 46. Rd6 Rh1
47. Bf5 Rh2 48. Rd2 Rh5 49. Be6 Re5 50. Bf7 Rf5 51. Be6 Rc5+ 52. Kb1 Re5 53.
Bf7 Re7 54. Bg6 Rg7 55. Bf5 Rg5 56. Be6 Rg1+ 57. Kc2 Ra1 58. Rd4 a5 59. Rd2 Kc5
60. Rd4 b4 61. axb4+ axb4 62. Rd1 Ra8 63. Kd2 Bb5 64. Rc1+ Kb6 65. Rc8 Ra1 66.
Bg4 Bc6 67. Rd8 Ra2 68. Kc2 Kc5 69. Bf5 b6 70. Be6 Ra1 71. Rd2 Bb5 72. Bh3 Bd3+
73. Kb3 Bc4+ 0-1

[Event "Xtracon GM"]
[Site "Borup"]
[Date "2010.09.04"]
[Round "2"]
[White "Semcesen, Daniel"]
[Black "Zdebskaja, Natalia"]
[Result "1/2-1/2"]
[WhiteElo "2416"]
[BlackElo "2357"]
[PlyCount "32"]
[EventDate "2010.09.03"]
[EventType "swiss"]
[EventRounds "9"]
[EventCountry "DEN"]
[Source "ChessBase"]
[SourceDate "2010.10.29"]

1. Nf3 Nf6 2. c4 e6 3. d4 d5 4. Nc3 Bb4 5. Qa4+ Nc6 6. a3 Bxc3+ 7. bxc3 Ne4 8.
Bb2 Bd7 9. Qc2 Nd6 10. c5 Nc4 11. Bc1 N6a5 12. e4 dxe4 13. Qxe4 Bc6 14. Qg4 Qd5
15. Be2 O-O-O 16. O-O h5 1/2-1/2

[Event "Xtracon GM"]
[Site "Borup"]
[Date "2010.09.04"]
[Round "2"]
[White "Smith, Axel"]
[Black "Sulskis, Sarunas"]
[Result "1/2-1/2"]
[WhiteElo "2445"]
[BlackElo "2544"]
[PlyCount "79"]
[EventDate "2010.09.03"]
[EventType "swiss"]
[EventRounds "9"]
[EventCountry "DEN"]
[Source "ChessBase"]
[SourceDate "2010.10.29"]

1. d4 d5 2. c4 c6 3. e3 Bf5 4. cxd5 cxd5 5. Qb3 e6 6. Qxb7 Nd7 7. Nc3 Ngf6 8.
Nf3 Bd6 9. Qc6 Bb4 10. Ba6 O-O 11. O-O Qa5 12. Qb5 Bxc3 13. bxc3 Qc7 14. Nh4
Be4 15. f3 Bc2 16. Qb2 Ba4 17. g4 Rab8 18. Qe2 Qxc3 19. Bd2 Qa3 20. Qd3 Qxd3
21. Bxd3 Bb5 22. Bxb5 Rxb5 23. g5 Nh5 24. Rab1 Rfb8 25. Rxb5 Rxb5 26. Rc1 Nb6
27. Rc7 Rb1+ 28. Kf2 Rb2 29. Ke1 Rxa2 30. Rb7 h6 31. g6 fxg6 32. Nxg6 Nc4 33.
Bb4 Ra1+ 34. Ke2 Ra2+ 35. Kd3 a5 36. Rb8+ Kh7 37. Nf8+ Kg8 38. Ng6+ Kh7 39.
Nf8+ Kg8 40. Ng6+ 1/2-1/2

[Event "Xtracon GM"]
[Site "Borup"]
[Date "2010.09.04"]
[Round "2"]
[White "Vovk, Oksana"]
[Black "Miezis, Normunds"]
[Result "0-1"]
[WhiteElo "2157"]
[BlackElo "2519"]
[PlyCount "98"]
[EventDate "2010.09.03"]
[EventType "swiss"]
[EventRounds "9"]
[EventCountry "DEN"]
[Source "ChessBase"]
[SourceDate "2010.10.29"]

1. d4 Nf6 2. Nf3 e6 3. c4 Bb4+ 4. Bd2 a5 5. Nc3 O-O 6. g3 d5 7. cxd5 exd5 8.
Bg2 Re8 9. O-O Nbd7 10. Bg5 c6 11. Qc2 h6 12. Bxf6 Nxf6 13. Ne5 Ng4 14. Nd3 Bf5
15. Qd2 Bd6 16. Rac1 Rc8 17. Na4 h5 18. h3 Nf6 19. Qg5 Be4 20. Ne5 Bxg2 21.
Kxg2 Bxe5 22. dxe5 Ne4 23. Qxh5 g5 24. Qg4 Rxe5 25. e3 Qe7 26. Nc3 Nd2 27. Rfd1
Nc4 28. b3 Nd6 29. Qa4 Ra8 30. Ne2 Nf5 31. Nd4 Ng7 32. Nf3 Re4 33. Rd4 b5 34.
Rxe4 dxe4 35. Qd4 exf3+ 36. Kxf3 Rd8 37. Qb6 Qf6+ 38. Kg2 Rd2 39. e4 Rd3 40.
Qxc6 Qf3+ 41. Kg1 Ne6 42. Qxb5 Qxe4 43. Qxa5 Nd4 44. Ra1 Kg7 45. b4 Nf3+ 46.
Kf1 Rd2 47. Qc5 Rc2 48. Qe3 Qd5 49. Rc1 Nd2+ 0-1

[Event "Xtracon GM"]
[Site "Borup"]
[Date "2010.09.04"]
[Round "3"]
[White "Antonsen, Mikkel"]
[Black "Knudsen, Jes West"]
[Result "1-0"]
[WhiteElo "2471"]
[BlackElo "1996"]
[PlyCount "42"]
[EventDate "2010.09.03"]
[EventType "swiss"]
[EventRounds "9"]
[EventCountry "DEN"]
[Source "ChessBase"]
[SourceDate "2010.10.29"]

1. d4 f5 2. Nc3 Nf6 3. Bg5 d5 4. Bxf6 exf6 5. e3 Be6 6. Bd3 Nc6 7. a3 Qd7 8.
Nce2 Bd6 9. b3 Ne7 10. c4 c6 11. Nf3 g5 12. Nd2 Bf7 13. Qc2 h5 14. h4 g4 15. g3
a5 16. O-O b5 17. Nc3 Rb8 18. cxb5 cxb5 19. a4 bxa4 20. Nxa4 O-O 21. Nc5 Qc8
1-0

[Event "Xtracon GM"]
[Site "Borup"]
[Date "2010.09.04"]
[Round "3"]
[White "Baekgaard, Martin"]
[Black "Mollmann, Erik"]
[Result "1-0"]
[WhiteElo "2276"]
[BlackElo "1694"]
[PlyCount "100"]
[EventDate "2010.09.03"]
[EventType "swiss"]
[EventRounds "9"]
[EventCountry "DEN"]
[Source "ChessBase"]
[SourceDate "2010.10.29"]

1. d4 d5 2. c4 Nc6 3. Nc3 e6 4. Nf3 Bb4 5. Bg5 f6 6. Bf4 Nge7 7. e3 O-O 8. Qc2
Ng6 9. Bg3 Nce7 10. Bd3 c6 11. O-O Bd6 12. Rfd1 Bxg3 13. hxg3 Qc7 14. Rac1 Bd7
15. Qb3 Qb6 16. Qa3 Qd8 17. b4 a6 18. Qb3 b5 19. cxb5 axb5 20. a4 Rb8 21. a5
Re8 22. e4 Nf8 23. Ra1 Nc8 24. Re1 Na7 25. Nb1 Re7 26. Nbd2 Be8 27. Qc3 Rbb7
28. Nb3 Nd7 29. g4 Nc8 30. e5 fxe5 31. dxe5 Rc7 32. Nfd4 Na7 33. Rac1 Nb8 34.
Nc5 Bf7 35. Qc2 g6 36. Re3 Qc8 37. Be2 Na6 38. Nxa6 Qxa6 39. Rc3 Be8 40. Rc5
Qb7 41. Qc3 Qc8 42. Bxb5 Nxb5 43. Nxb5 d4 44. Nxd4 Qd8 45. b5 Rcd7 46. Nxc6
Rd1+ 47. Kh2 Rxc1 48. Nxe7+ Qxe7 49. Qxc1 Qh4+ 50. Kg1 Qxg4 1-0

[Event "Xtracon GM"]
[Site "Borup"]
[Date "2010.09.04"]
[Round "3"]
[White "Brondum, Eric"]
[Black "Smith, Axel"]
[Result "1/2-1/2"]
[WhiteElo "2105"]
[BlackElo "2445"]
[PlyCount "89"]
[EventDate "2010.09.03"]
[EventType "swiss"]
[EventRounds "9"]
[EventCountry "DEN"]
[Source "ChessBase"]
[SourceDate "2010.10.29"]

1. d4 d5 2. c4 e6 3. g3 dxc4 4. Nf3 c6 5. a4 b5 6. Bg2 Bb7 7. O-O Nd7 8. Nc3 a6
9. Qc2 Ngf6 10. Bg5 h6 11. Bf4 Be7 12. Ne5 Nd5 13. Nxd5 cxd5 14. axb5 axb5 15.
Rxa8 Qxa8 16. Bh3 Nxe5 17. Bxe5 O-O 18. f4 f5 19. g4 g6 20. Kh1 Kh7 21. Rg1 Bc8
22. e3 Rg8 23. Rb1 Bd7 24. Qd1 Qc6 25. Bg2 b4 26. h3 Ra8 27. gxf5 exf5 28. Bf3
Bh4 29. Qe2 Ra2 30. Qg2 Be6 31. Rg1 Bf7 32. Qc2 c3 33. Qxf5 Qe6 34. Qxe6 Bxe6
35. bxc3 b3 36. f5 Bxf5 37. Bxd5 Re2 38. Ra1 h5 39. Ra7+ Kh6 40. Bf4+ g5 41.
Ra6+ Kh7 42. Ra7+ Kg6 43. Ra6+ Kh7 44. Ra7+ Kg6 45. Ra6+ 1/2-1/2

[Event "Xtracon GM"]
[Site "Borup"]
[Date "2010.09.04"]
[Round "3"]
[White "Christensen, Henrik"]
[Black "Schandorff, Lars"]
[Result "0-1"]
[WhiteElo "2014"]
[BlackElo "2492"]
[PlyCount "66"]
[EventDate "2010.09.03"]
[EventType "swiss"]
[EventRounds "9"]
[EventCountry "DEN"]
[Source "ChessBase"]
[SourceDate "2010.10.29"]

1. d4 Nf6 2. Nf3 g6 3. c4 Bg7 4. Nc3 d5 5. e3 O-O 6. Bd3 c5 7. dxc5 Qa5 8. O-O
dxc4 9. Bxc4 Qxc5 10. Qb3 Nc6 11. Be2 Qb4 12. Qxb4 Nxb4 13. Bd2 Nfd5 14. Rac1
Nxc3 15. bxc3 Nc6 16. c4 Bf5 17. Bc3 Bxc3 18. Rxc3 Rfd8 19. Rfc1 Rac8 20. c5
Be4 21. Ng5 Bd5 22. a3 h6 23. Nh3 Ne5 24. f4 Nd7 25. Nf2 Nf6 26. Bd3 Bc6 27.
Bc4 Rd2 28. R3c2 Rcd8 29. Kf1 h5 30. Be2 Rxc2 31. Rxc2 Nd5 32. Nd1 Ba4 33. Rd2
Nxe3+ 0-1

[Event "Xtracon GM"]
[Site "Borup"]
[Date "2010.09.04"]
[Round "3"]
[White "Christensen, John"]
[Black "Nielsen, Morten"]
[Result "1/2-1/2"]
[WhiteElo "2106"]
[BlackElo "1935"]
[PlyCount "46"]
[EventDate "2010.09.03"]
[EventType "swiss"]
[EventRounds "9"]
[EventCountry "DEN"]
[Source "ChessBase"]
[SourceDate "2010.10.29"]

1. Nf3 Nf6 2. c4 g6 3. Nc3 Bg7 4. g3 O-O 5. Bg2 d6 6. d4 Nc6 7. O-O a6 8. b3
Rb8 9. a4 a5 10. Bb2 Re8 11. Nb5 Nb4 12. h3 c6 13. Nc3 Qc7 14. e4 e5 15. dxe5
dxe5 16. Qe2 Nd7 17. Rab1 Nc5 18. Ba3 Ne6 19. Bxb4 axb4 20. Na2 c5 21. Nc1 f5
22. exf5 gxf5 23. Nh4 Nd4 1/2-1/2

[Event "Xtracon GM"]
[Site "Borup"]
[Date "2010.09.04"]
[Round "3"]
[White "Drozdovskij, Yuri"]
[Black "Wiecker, Stefan"]
[Result "1-0"]
[WhiteElo "2608"]
[BlackElo "2157"]
[PlyCount "89"]
[EventDate "2010.09.03"]
[EventType "swiss"]
[EventRounds "9"]
[EventCountry "DEN"]
[Source "ChessBase"]
[SourceDate "2010.10.29"]

1. d4 Nf6 2. c4 g6 3. g3 Bg7 4. Bg2 O-O 5. Nc3 d6 6. Nf3 Bd7 7. O-O Nc6 8. h3
e5 9. d5 Nb8 10. e4 Na6 11. Ne1 Ne8 12. Be3 f5 13. Nd3 Nf6 14. exf5 gxf5 15. f4
e4 16. Nf2 h5 17. Kh2 Qe7 18. Rg1 c5 19. dxc6 bxc6 20. Qd2 Be6 21. Rad1 Rad8
22. b3 Nb4 23. Ncxe4 fxe4 24. Qxb4 c5 25. Qa5 Bf5 26. Rd2 Rd7 27. Rgd1 Qe6 28.
Qa6 Rfd8 29. Qc6 Bf8 30. Re2 Rg7 31. Rg1 Rc8 32. Qa6 Re8 33. Qa5 Rh7 34. Bh1
Bh6 35. Bc1 Kf8 36. Rge1 Rhe7 37. Qc3 Bg7 38. Qd2 Kg8 39. Bg2 Bh6 40. Bb2 e3
41. Rxe3 Qxe3 42. Rxe3 Rxe3 43. Bxf6 Re2 44. Qd5+ Be6 45. Qxh5 1-0

[Event "Xtracon GM"]
[Site "Borup"]
[Date "2010.09.04"]
[Round "3"]
[White "Frisk, Ellinor"]
[Black "Andersen, Niels Erik"]
[Result "1-0"]
[WhiteElo "2113"]
[BlackElo "1955"]
[PlyCount "63"]
[EventDate "2010.09.03"]
[EventType "swiss"]
[EventRounds "9"]
[EventCountry "DEN"]
[Source "ChessBase"]
[SourceDate "2010.10.29"]

1. e4 c5 2. Nf3 d6 3. d4 cxd4 4. Nxd4 Nf6 5. Nc3 a6 6. Be3 e5 7. Nb3 Be6 8. f3
Be7 9. Qd2 Qc7 10. g4 h6 11. O-O-O Nbd7 12. Kb1 Nb6 13. h4 d5 14. Bxb6 Qxb6 15.
exd5 Nxd5 16. Bb5+ axb5 17. Nxd5 Bxd5 18. Qxd5 O-O 19. g5 Qa6 20. Nc1 hxg5 21.
hxg5 Bxg5 22. Qe4 Qg6 23. Qxe5 Rfc8 24. Nd3 Rxa2 25. Kxa2 Ra8+ 26. Kb1 Qa6 27.
c3 Bf6 28. Qe4 g6 29. Kc2 Rc8 30. Nc5 Rxc5 31. Qe8+ Kg7 32. Qh8# 1-0

[Event "Xtracon GM"]
[Site "Borup"]
[Date "2010.09.04"]
[Round "3"]
[White "Hansen, Lars Henrik Bech"]
[Black "Mathiesen, Erik"]
[Result "1-0"]
[WhiteElo "2039"]
[BlackElo "2040"]
[PlyCount "49"]
[EventDate "2010.09.03"]
[EventType "swiss"]
[EventRounds "9"]
[EventCountry "DEN"]
[Source "ChessBase"]
[SourceDate "2010.10.29"]

1. e4 e5 2. Nf3 Nc6 3. d4 exd4 4. Bc4 h6 5. O-O d6 6. Nxd4 Nxd4 7. Qxd4 Be6 8.
Bxe6 fxe6 9. Nc3 Qd7 10. f4 Nf6 11. Be3 Ng4 12. Rad1 b6 13. Kh1 O-O-O 14. Bg1
Rg8 15. f5 Be7 16. fxe6 Qxe6 17. Nd5 Ne5 18. a4 Rdf8 19. a5 Rxf1 20. Rxf1 Bf6
21. axb6 cxb6 22. Qc3+ Kd7 23. Qc7+ Ke8 24. Qxa7 Nd7 25. Nc7+ 1-0

[Event "Xtracon GM"]
[Site "Borup"]
[Date "2010.09.04"]
[Round "3"]
[White "Hillarp Persson, Tiger"]
[Black "Jensen, Soren Holm"]
[Result "1-0"]
[WhiteElo "2517"]
[BlackElo "2024"]
[PlyCount "65"]
[EventDate "2010.09.03"]
[EventType "swiss"]
[EventRounds "9"]
[EventCountry "DEN"]
[Source "ChessBase"]
[SourceDate "2010.10.29"]

1. e4 e5 2. Nf3 Nc6 3. Bc4 Bc5 4. c3 Nf6 5. d3 a6 6. Bb3 d6 7. h3 Ba7 8. Nbd2
O-O 9. Nf1 d5 10. Qe2 Be6 11. Bg5 dxe4 12. dxe4 Bxb3 13. axb3 Qe7 14. Ng3 Qe6
15. Bxf6 Qxf6 16. b4 Rfd8 17. O-O Rd7 18. Rfd1 Rxd1+ 19. Rxd1 Rd8 20. Rd5 g6
21. Nf1 Rd6 22. N1d2 Qd8 23. b5 axb5 24. Qxb5 f6 25. Rxd6 Qxd6 26. Qxb7 Qc5 27.
Qc8+ Kg7 28. Qxc7+ Kg8 29. Kh2 h5 30. Nf1 Qxf2 31. Qxc6 Be3 32. Nxe3 Qxe3 33.
Qxf6 1-0

[Event "Xtracon GM"]
[Site "Borup"]
[Date "2010.09.04"]
[Round "3"]
[White "Hoi, Carsten"]
[Black "Christensen, Casper"]
[Result "1-0"]
[WhiteElo "2419"]
[BlackElo "1897"]
[PlyCount "53"]
[EventDate "2010.09.03"]
[EventType "swiss"]
[EventRounds "9"]
[EventCountry "DEN"]
[Source "ChessBase"]
[SourceDate "2010.10.29"]

1. d4 Nf6 2. Nf3 g6 3. c4 c5 4. Nc3 cxd4 5. Nxd4 Bg7 6. e4 d6 7. Be2 O-O 8. Be3
Nc6 9. O-O Bd7 10. f4 Qb6 11. Nc2 Qa5 12. Qd2 Rfc8 13. h3 a6 14. Bf3 Rab8 15.
c5 Qc7 16. Rad1 Bf8 17. cxd6 exd6 18. Rc1 Qd8 19. Rfd1 b5 20. b4 Be6 21. g4 Ne8
22. Nd5 Bxd5 23. exd5 Ne7 24. Nd4 Rxc1 25. Rxc1 Rc8 26. Nc6 Nf6 27. Nxd8 1-0

[Event "Xtracon GM"]
[Site "Borup"]
[Date "2010.09.04"]
[Round "3"]
[White "Jensen, Stein"]
[Black "Doluhanova, Evgeniya"]
[Result "0-1"]
[WhiteElo "2063"]
[BlackElo "2259"]
[PlyCount "92"]
[EventDate "2010.09.03"]
[EventType "swiss"]
[EventRounds "9"]
[EventCountry "DEN"]
[Source "ChessBase"]
[SourceDate "2010.10.29"]

1. d4 d5 2. Nf3 Nf6 3. Bf4 g6 4. Nbd2 Bg7 5. e3 Nc6 6. h3 O-O 7. c3 Nd7 8. Bb5
a6 9. Bxc6 bxc6 10. O-O c5 11. Re1 h6 12. Nb3 c4 13. Na5 Nb8 14. Ne5 Qe8 15.
Ng4 Bxg4 16. hxg4 Ra7 17. e4 Qb5 18. b4 cxb3 19. Nxb3 e6 20. Rb1 Qc4 21. Qd2 g5
22. Bg3 dxe4 23. Rxe4 Nd7 24. Re3 a5 25. Qd3 Qxd3 26. Rxd3 Rb8 27. Rbd1 a4 28.
Nc5 Nxc5 29. dxc5 Bf6 30. Rd7 Rc8 31. f3 Ra5 32. Bf2 Bxc3 33. Rd8+ Rxd8 34.
Rxd8+ Kg7 35. Rc8 Be5 36. Kf1 Rb5 37. Be3 Rb2 38. g3 Rb1+ 39. Kg2 Re1 40. Kf2
Bxg3+ 41. Kxg3 Rxe3 42. Rxc7 Ra3 43. Ra7 Rxa2 44. Ra6 Rc2 45. Rxa4 Rxc5 46. Ra7
Rc2 0-1

[Event "Xtracon GM"]
[Site "Borup"]
[Date "2010.09.04"]
[Round "3"]
[White "Krogh, Peter Ove"]
[Black "Rostgaard, Tobias Valentin"]
[Result "1/2-1/2"]
[WhiteElo "1922"]
[BlackElo "2114"]
[PlyCount "81"]
[EventDate "2010.09.03"]
[EventType "swiss"]
[EventRounds "9"]
[EventCountry "DEN"]
[Source "ChessBase"]
[SourceDate "2010.10.29"]

1. c4 e6 2. Nc3 d5 3. e3 Nf6 4. Nf3 c6 5. Qc2 Nbd7 6. d4 Bd6 7. Bd3 b6 8. O-O
Bb7 9. cxd5 exd5 10. e4 dxe4 11. Nxe4 Be7 12. Bg5 h6 13. Bxf6 Nxf6 14. Nxf6+
Bxf6 15. Rfe1+ Kf8 16. Rad1 g5 17. Bc4 Kg7 18. Ne5 Bxe5 19. dxe5 Qe7 20. e6 Bc8
21. exf7 Qf6 22. g3 Bf5 23. Qc3 Qxc3 24. bxc3 Rhf8 25. Kg2 Bg6 26. Re7 b5 27.
Bb3 a5 28. a4 bxa4 29. Bxa4 Rxf7 30. Rxf7+ Bxf7 31. Bxc6 Rc8 32. Bd5 Rxc3 33.
Bxf7 Kxf7 34. Rd6 Kg7 35. Ra6 Ra3 36. g4 a4 37. Ra7+ Kf6 38. Ra6+ Kg7 39. Ra7+
Kg8 40. Ra8+ Kf7 41. Ra7+ 1/2-1/2

[Event "Xtracon GM"]
[Site "Borup"]
[Date "2010.09.04"]
[Round "3"]
[White "Larsen, Bo Heine"]
[Black "Andersen, Mads"]
[Result "0-1"]
[WhiteElo "1804"]
[BlackElo "2385"]
[PlyCount "58"]
[EventDate "2010.09.03"]
[EventType "swiss"]
[EventRounds "9"]
[EventCountry "DEN"]
[Source "ChessBase"]
[SourceDate "2010.10.29"]

1. e4 c5 2. Na3 b6 3. c3 Bb7 4. d3 g6 5. Nf3 Bg7 6. Bf4 d6 7. Be2 Nd7 8. h3
Ngf6 9. Rb1 O-O 10. g4 e5 11. Bg5 d5 12. Nd2 h6 13. Bxf6 Nxf6 14. Bf3 Qe7 15.
c4 dxe4 16. Nxe4 Nh7 17. Nc3 e4 18. dxe4 Bxc3+ 19. bxc3 Ng5 20. Bg2 Bxe4 21.
O-O Bxb1 22. Nxb1 Rad8 23. Qc2 Rfe8 24. a4 Qe2 25. Qc1 Rd3 26. h4 Nf3+ 27. Kh1
Nxh4 28. Qxh6 Qxg4 29. Rg1 Qh3+ 0-1

[Event "Xtracon GM"]
[Site "Borup"]
[Date "2010.09.04"]
[Round "3"]
[White "Larsson, Johan"]
[Black "Hubka, Roland"]
[Result "0-1"]
[WhiteElo "2130"]
[BlackElo "2048"]
[PlyCount "84"]
[EventDate "2010.09.03"]
[EventType "swiss"]
[EventRounds "9"]
[EventCountry "DEN"]
[Source "ChessBase"]
[SourceDate "2010.10.29"]

1. d4 e6 2. e4 d5 3. e5 c5 4. Nf3 Qb6 5. a3 Nc6 6. c3 c4 7. Nbd2 f6 8. b3 cxb3
9. Qxb3 Qxb3 10. Nxb3 Bd7 11. Bb5 Nxe5 12. Bxd7+ Nxd7 13. O-O Bd6 14. Re1 Kf7
15. Ra2 Re8 16. Rae2 h5 17. Na5 b6 18. Nc6 a5 19. Na7 Nh6 20. Nb5 Bb8 21. g3 g5
22. h3 Rhg8 23. Nh2 Nf5 24. Kg2 Nd6 25. a4 Nxb5 26. axb5 Bd6 27. Nf3 Re7 28.
Nd2 Rc8 29. Nb1 Nf8 30. Re3 Ng6 31. g4 h4 32. Rf3 Nf4+ 33. Bxf4 Bxf4 34. Rd3
Rc4 35. Na3 Ra4 36. Ra1 Bd6 37. Nc2 Rxa1 38. Nxa1 Rc7 39. Kf3 Rc4 40. Ke2 Ra4
41. Rd1 Ra2+ 42. Kf1 Rb2 0-1

[Event "Xtracon GM"]
[Site "Borup"]
[Date "2010.09.04"]
[Round "3"]
[White "Miezis, Normunds"]
[Black "Wilton, Lars"]
[Result "1-0"]
[WhiteElo "2519"]
[BlackElo "2136"]
[PlyCount "89"]
[EventDate "2010.09.03"]
[EventType "swiss"]
[EventRounds "9"]
[EventCountry "DEN"]
[Source "ChessBase"]
[SourceDate "2010.10.29"]

1. c4 e5 2. Nc3 Nf6 3. g3 c6 4. Nf3 e4 5. Nd4 d5 6. cxd5 Qb6 7. e3 cxd5 8. d3
Bb4 9. Bg2 Nc6 10. O-O Bxc3 11. bxc3 O-O 12. a4 Ne5 13. dxe4 dxe4 14. h3 Re8
15. Nb5 Nd3 16. Ba3 Bd7 17. Nd6 Bc6 18. Nxe8 Rxe8 19. c4 h5 20. Bd6 h4 21. gxh4
Nd7 22. a5 Qd8 23. a6 b6 24. Ra3 Re6 25. Bg3 N7c5 26. h5 f5 27. Kh2 Qe8 28. Rg1
Rh6 29. f3 Rxh5 30. fxe4 fxe4 31. Ra2 Rg5 32. Bf4 Rg6 33. Bh1 Rxg1 34. Qxg1
Nxf4 35. exf4 Qf7 36. Qg3 Nd3 37. Rc2 Qxf4 38. Qxf4 Nxf4 39. c5 b5 40. Kg3 Nd3
41. Rd2 Nb4 42. Rd6 Kf7 43. Kf4 Nd5+ 44. Ke5 e3 45. Bxd5+ 1-0

[Event "Xtracon GM"]
[Site "Borup"]
[Date "2010.09.04"]
[Round "3"]
[White "Molvig, Henrik"]
[Black "Hein, Juergen"]
[Result "1-0"]
[WhiteElo "2174"]
[BlackElo "1931"]
[PlyCount "122"]
[EventDate "2010.09.03"]
[EventType "swiss"]
[EventRounds "9"]
[EventCountry "DEN"]
[Source "ChessBase"]
[SourceDate "2010.10.29"]

1. d4 Nf6 2. c4 e6 3. Nf3 b6 4. g3 Bb7 5. Bg2 Bb4+ 6. Nbd2 Ne4 7. O-O Nxd2 8.
Bxd2 Bxd2 9. Qxd2 Qe7 10. Qc2 Na6 11. a3 c5 12. Rad1 Rc8 13. d5 exd5 14. cxd5
d6 15. Qa4+ Kf8 16. Rfe1 h5 17. h4 f6 18. Qf4 Rd8 19. e4 Nc7 20. Bh3 Kg8 21.
Bf5 Bc8 22. a4 Bd7 23. Ra1 a5 24. Bxd7 Rxd7 25. Qf5 Rh6 26. Ra3 g6 27. Qf4 Qg7
28. Rb3 Na8 29. Qd2 Qf8 30. Qf4 Qg7 31. Qe3 Qf8 32. Nd2 Rhh7 33. f4 Rhe7 34.
Qf3 Qe8 35. Nc4 Qd8 36. Rd3 Qe8 37. Rb3 Rd8 38. Rb5 Qd7 39. b3 Qa7 40. e5 fxe5
41. fxe5 Rf8 42. Qd3 Rf5 43. Nxd6 Rfxe5 44. Rxe5 Rxe5 45. Qxg6+ Qg7 46. Qxg7+
Kxg7 47. Nc4 Rxd5 48. Nxb6 Nxb6 49. Rxb6 Rd1+ 50. Kf2 Rd5 51. Rb5 Kf6 52. Rxa5
Rf5+ 53. Ke3 Re5+ 54. Kd2 Kf5 55. b4 cxb4 56. Rb5 Rxb5 57. axb5 b3 58. b6 Kg4
59. b7 Kxg3 60. b8=Q+ Kxh4 61. Qxb3 Kg5 1-0

[Event "Xtracon GM"]
[Site "Borup"]
[Date "2010.09.04"]
[Round "3"]
[White "Molvig, Julius"]
[Black "Hvenekilde, Jorgen"]
[Result "0-1"]
[WhiteElo "1801"]
[BlackElo "2107"]
[PlyCount "84"]
[EventDate "2010.09.03"]
[EventType "swiss"]
[EventRounds "9"]
[EventCountry "DEN"]
[Source "ChessBase"]
[SourceDate "2010.10.29"]

1. d4 Nf6 2. c4 g6 3. Nc3 Bg7 4. e4 d6 5. Nf3 O-O 6. Be2 e5 7. d5 Nfd7 8. O-O
f5 9. Bg5 Qe8 10. exf5 gxf5 11. Nd2 Nf6 12. f3 Qg6 13. Bh4 Rf7 14. Bd3 Nh5 15.
Ne2 Bh6 16. b4 Rg7 17. g3 Be3+ 18. Kh1 Qh6 19. Nb3 Nd7 20. Bxf5 Nf8 21. Bxc8
Rxc8 22. g4 Nf4 23. Bg3 N8g6 24. Ng1 Rf8 25. c5 Rgf7 26. cxd6 cxd6 27. Nc1 Bd4
28. Rb1 Nxd5 29. Nce2 Ne3 30. Qc1 Bb6 31. Re1 d5 32. Nc3 d4 33. Nd5 Nf4 34.
Nxe3 dxe3 35. Qc2 Qg6 36. Qxg6+ hxg6 37. Rbd1 Rc8 38. Bxf4 Rxf4 39. Rb1 Rc2 40.
a3 Rd4 41. Rbd1 Rdd2 42. Rxd2 exd2 0-1

[Event "Xtracon GM"]
[Site "Borup"]
[Date "2010.09.04"]
[Round "3"]
[White "Pedersen, Hans Dahl"]
[Black "Preuss, Flemming"]
[Result "1-0"]
[WhiteElo "2206"]
[BlackElo "2034"]
[PlyCount "69"]
[EventDate "2010.09.03"]
[EventType "swiss"]
[EventRounds "9"]
[EventCountry "DEN"]
[Source "ChessBase"]
[SourceDate "2010.10.29"]

1. c4 g6 2. g3 Bg7 3. Bg2 f5 4. Nc3 Nf6 5. d3 O-O 6. e4 d6 7. Nge2 e5 8. O-O c6
9. b3 Be6 10. exf5 gxf5 11. d4 Qd7 12. Ba3 Re8 13. Qd2 Na6 14. Rad1 Rad8 15.
Qg5 Qf7 16. d5 cxd5 17. Nxd5 Kh8 18. Nec3 Nc5 19. Rfe1 b6 20. f4 e4 21. Bxc5
dxc5 22. Ne3 Rxd1 23. Rxd1 Nd7 24. Nb5 Bf6 25. Nd6 Qf8 26. Qh5 Bd4 27. Qxe8
Bxe3+ 28. Kf1 Qxe8 29. Nxe8 Bd4 30. Nd6 Kg7 31. Bh3 Kg6 32. Nb5 Bb2 33. Nc7 Nf8
34. Rd8 Bxc4+ 35. bxc4 1-0

[Event "Xtracon GM"]
[Site "Borup"]
[Date "2010.09.04"]
[Round "3"]
[White "Schmidt, Horst Hubert"]
[Black "Kulaots, Kaido"]
[Result "0-1"]
[WhiteElo "1869"]
[BlackElo "2592"]
[PlyCount "124"]
[EventDate "2010.09.03"]
[EventType "swiss"]
[EventRounds "9"]
[EventCountry "DEN"]
[Source "ChessBase"]
[SourceDate "2010.10.29"]

1. d4 g6 2. Nf3 Bg7 3. e3 d6 4. Be2 Nf6 5. O-O O-O 6. c4 c5 7. Nc3 Nbd7 8. Qc2
a6 9. Bd2 e6 10. Rab1 Qc7 11. a3 b6 12. Ng5 Bb7 13. Nge4 Nxe4 14. Nxe4 cxd4 15.
exd4 d5 16. Ng3 Bxd4 17. Qd3 Qe5 18. b4 dxc4 19. Qxc4 Rfc8 20. Qd3 Qd5 21. Qf3
Qxf3 22. gxf3 Ne5 23. Kg2 Nc4 24. Bxc4 Rxc4 25. Rbc1 Rac8 26. Rxc4 Rxc4 27. Rc1
Rxc1 28. Bxc1 f5 29. Ne2 Bf6 30. Be3 Bd8 31. Nf4 Kf7 32. Bd4 Ke7 33. Nd3 Kd6
34. Ne5 Kd5 35. Bb2 a5 36. f4 b5 37. Bc3 a4 38. Kf1 Ke4 39. Bd2 Bc7 40. Nd7 Kd3
41. Ke1 Bd5 42. Kd1 Bb3+ 43. Kc1 Ke2 44. Be3 Kf3 45. Nf8 e5 46. fxe5 Bxe5 47.
Nxh7 Bxh2 48. Ng5+ Kg4 49. Nh7 f4 50. Bd4 Kf5 51. Kd2 f3 52. Be3 Be5 53. Kc1
Bd5 54. Ng5 Bf6 55. Nh3 g5 56. Kc2 Bc4 57. Bc1 Bf1 58. Ng1 g4 59. Be3 Ke4 60.
Bc5 Bd4 61. Kd2 Bxc5 62. bxc5 Kd5 0-1

[Event "Xtracon GM"]
[Site "Borup"]
[Date "2010.09.04"]
[Round "3"]
[White "Skovle, Lars"]
[Black "Vovk, Oksana"]
[Result "0-1"]
[WhiteElo "1705"]
[BlackElo "2157"]
[PlyCount "38"]
[EventDate "2010.09.03"]
[EventType "swiss"]
[EventRounds "9"]
[EventCountry "DEN"]
[Source "ChessBase"]
[SourceDate "2010.10.29"]

1. f4 d5 2. Nf3 Nf6 3. d3 b6 4. g3 Bb7 5. Bg2 e6 6. O-O Be7 7. Qe1 O-O 8. h3 c5
9. g4 d4 10. e4 dxe3 11. Bxe3 Nd5 12. Bf2 Nxf4 13. Nbd2 Nxg2 14. Kxg2 Qd5 15.
Bg3 Nc6 16. Ne4 Nd4 17. Qf2 Nxf3 18. Qxf3 f5 19. Nd2 Qd7 0-1